[Event "UZB-ch"]
[Site "Tashkent"]
[Date "2019.07.07"]
[Round "6"]
[White "Rakhimov, Rakhmat"]
[Black "Abdusattorov, Nodirbek"]
[Result "0-1"]
[WhiteElo "2107"]
[BlackElo "2598"]
[PlyCount "110"]
[EventDate "2019.07.02"]
[EventType "tourn"]
[EventRounds "13"]
[EventCountry "UZB"]
[EventCategory "6"]
[SourceTitle "CBM 191 Extra"]
[Source "ChessBase"]
[SourceDate "2019.09.30"]
[SourceVersion "1"]
[SourceVersionDate "2019.09.30"]
[SourceQuality "1"]

1. d4 Nf6 2. c4 e6 3. Nf3 b6 4. Bf4 Bb7 5. e3 Ne4 6. Bd3 Bb4+ 7. Kf1 Be7 8. h4 h6 9. Qc2 Nf6 10. Nc3 d6 11. e4 Ng4 12. e5 0-0 13. Bh7+ Kh8 14. Be4 Nc6 15. Bxc6 Bxc6 16. Ng5 g6 17. Qe2 dxe5 18. dxe5 Nxf2 19. Kxf2 hxg5 20. hxg5+ Kg7 21. Rad1 Qe8 22. Ne4 Bxe4 23. Qxe4 Qa4 24. Bc1 Rad8 25. Rxd8 Rxd8 26. Be3 Qxa2 27. Qh4 Qxb2+ 28. Kf3 Qxe5 29. Qh6+ Kg8 30. Qh7+ Kf8 31. Qh8+ Qxh8 32. Rxh8+ Kg7 33. Rh4 f6 34. gxf6+ Bxf6 35. Rh1 a5 36. g4 g5 37. c5 a4 38. cxb6 cxb6 39. Bxb6 Rd3+ 40. Ke4 Rg3 41. Bc5 Rxg4+ 42. Kd3 Rh4 43. Rb1 Kg6 44. Rb7 Rh1 45. Ra7 Ra1 46. Ke4 g4 47. Ra6 Rc1 48. Be3 Re1 49. Kd3 g3 50. Rxa4 Bg5 51. Bc5 Kf5 52. Bb4 g2 53. Ra5+ e5 54. Bxe1 g1Q 55. Bc3 Bf4 0-1

[Event "UZB-ch"]
[Site "Tashkent"]
[Date "2019.07.06"]
[Round "5"]
[White "Vokhidov, Shamsiddin"]
[Black "Rakhimov, Rakhmat"]
[Result "1/2-1/2"]
[WhiteElo "2515"]
[BlackElo "2107"]
[PlyCount "136"]
[EventDate "2019.07.02"]
[EventType "tourn"]
[EventRounds "13"]
[EventCountry "UZB"]
[EventCategory "6"]
[SourceTitle "CBM 191 Extra"]
[Source "ChessBase"]
[SourceDate "2019.09.30"]
[SourceVersion "1"]
[SourceVersionDate "2019.09.30"]
[SourceQuality "1"]

1. e4 d6 2. d4 Nf6 3. Nc3 g6 4. Bg5 Bg7 5. Qd2 0-0 6. f4 c5 7. dxc5 dxc5 8. Bd3 Nc6 9. Nge2 a6 10. 0-0-0 Ng4 11. Ng3 Bd4 12. Rhe1 Nf2 13. e5 Qa5 14. Nce4 Nxd1 15. Qxa5 Nxa5 16. Kxd1 c4 17. c3 f6 18. Bh6 Rd8 19. cxd4 f5 20. Bc2 fxe4 21. Bxe4 Rxd4+ 22. Kc1 Bd7 23. Bc2 c3 24. b3 Bb5 25. Re3 Nc6 26. a4 Nb4 27. axb5 axb5 28. Rxc3 Na2+ 29. Kb2 Nxc3 30. Kxc3 Rad8 31. Nf1 b4+ 32. Kb2 R4d5 33. Bg5 Kf7 34. g4 Rc8 35. Bh4 Rd4 36. f5 Rxg4 37. e6+ Kf8 38. Bg3 g5 39. Ne3 Rd4 40. Nc4 b5 41. Nb6 Rc6 42. Nd7+ Ke8 43. Ne5 Rc3 44. Be1 Rd5 45. Ng4 h5 46. Nh6 Rh3 47. f6 Rxh2 48. Ng8 Re5 49. Bg3 Rxc2+ 50. Kxc2 Rxe6 51. Nxe7 h4 52. Bb8 Rb6 53. Be5 Re6 54. Ng6 h3 55. Kd3 Rxe5 56. f7+ Kxf7 57. Nxe5+ Ke6 58. Ng4 Kf5 59. Nf2 g4 60. Ke3 Kg5 61. Ne4+ Kf5 62. Nf2 Kg5 63. Ne4+ Kf5 64. Ng3+ Ke5 65. Ne2 h2 66. Ng3 Kd5 67. Kd3 Ke5 68. Ke3 Kd5 1/2-1/2

[Event "UZB-ch"]
[Site "Tashkent"]
[Date "2019.07.04"]
[Round "3"]
[White "Nigmatov, Ortik"]
[Black "Rakhimov, Rakhmat"]
[Result "1-0"]
[WhiteElo "2488"]
[BlackElo "2107"]
[PlyCount "93"]
[EventDate "2019.07.02"]
[EventType "tourn"]
[EventRounds "13"]
[EventCountry "UZB"]
[EventCategory "6"]
[SourceTitle "CBM 191 Extra"]
[Source "ChessBase"]
[SourceDate "2019.09.30"]
[SourceVersion "1"]
[SourceVersionDate "2019.09.30"]
[SourceQuality "1"]

1. e4 d6 2. d4 Nf6 3. Nc3 g6 4. f4 Bg7 5. Bd3 0-0 6. Nf3 c5 7. dxc5 dxc5 8. e5 Nd5 9. Nxd5 Qxd5 10. Qe2 Bf5 11. Bxf5 gxf5 12. Be3 Na6 13. 0-0 Rfd8 14. Rfd1 Qc6 15. c4 h6 16. Qc2 Nb4 17. Qc3 Qe4 18. Nd2 Qc6 19. Nf1 b6 20. a3 Na6 21. Ng3 e6 22. Bf2 Kh7 23. Rd3 Rd7 24. Rad1 Rad8 25. Nh5 Nc7 26. Bh4 Rxd3 27. Rxd3 Rd7 28. Qd2 Rxd3 29. Qxd3 Ne8 30. g4 Kg6 31. Ng3 Qc8 32. Qd1 f6 33. gxf5+ Kh7 34. Qd3 Kh8 35. Nh5 exf5 36. exf6 Bf8 37. Qd5 Nc7 38. Qe5 Qe8 39. Ng3 Qd7 40. Nxf5 Ne6 41. Qd5 Qf7 42. Ne7 Bxe7 43. fxe7 Qg6+ 44. Bg3 Ng7 45. f5 Qf6 46. e8Q+ Nxe8 47. Be5 1-0

[Event "UZB-ch"]
[Site "Tashkent"]
[Date "2019.07.02"]
[Round "1"]
[White "Sindarov, Javokhir"]
[Black "Rakhimov, Rakhmat"]
[Result "1-0"]
[WhiteElo "2479"]
[BlackElo "2107"]
[PlyCount "33"]
[EventDate "2019.07.02"]
[EventType "tourn"]
[EventRounds "13"]
[EventCountry "UZB"]
[EventCategory "6"]
[SourceTitle "CBM 191 Extra"]
[Source "ChessBase"]
[SourceDate "2019.09.30"]
[SourceVersion "1"]
[SourceVersionDate "2019.09.30"]
[SourceQuality "1"]

1. e4 c5 2. Nf3 Nc6 3. d4 cxd4 4. Nxd4 d6 5. Nc3 Nf6 6. Bc4 g6 7. Nxc6 bxc6 8. e5 Ng4 9. exd6 exd6 10. 0-0 Bg7 11. Re1+ Be5 12. h3 Qh4 13. Ne4 0-0 14. Bg5 Qh5 15. f4 Ne3 16. Rxe3 Bxb2 17. g4 1-0